00641 2200193 4500001002100000005001500021035002000036245017700056100002500233250001000258300002300268006001800291008003900309260004600348082000700394084001300401600001900414990001400433INLIS00000000001005220260605101043 a0010-06260000171 aANALISIS FAKTOR-FAKTOR YANG MEMPENGARUHI IMPLEMENTASI UNDANG-UNDANG NOMOR 9 TAHUN 2010TENTANG KEPROTOKLAN DI SEKRETARIAT DAERAH KABUPATEN GUNUNG MAS /cWILLIAM BAYANO MURIE0 aWILLIAM BAYANO MURIE aCet 1 aix, 7 hlm :bilus.a 260605 | | |  aPalangka Raya :bPerpustakaan UMPR,c2025 a81 a81 WIL a 4aARTIKEL ILMIAH a238122013